书目信息 |
| 题名: |
应用文体写作
|
|
| 作者: | 张俊明 , 安树一 主编 | |
| 分册: | ||
| 出版信息: | 天津 天津人民出版社 1995 |
|
| 页数: | 476页 | |
| 开本: | 20cm | |
| 丛书名: | ||
| 单 册: | ||
| 中图分类: | H152.3 | |
| 科图分类: | 41.2383 | |
| 主题词: | 写作-应用文 , 应用文-写作 | |
| 电子资源: | ||
| ISBN: | 7-201-02184-2 | |
| 000 | 00684nam0 2200241 45 | |
| 001 | 0196029239 | |
| 005 | 20070724094015.57 | |
| 010 | @a7-201-02184-2@dCNY12.00 | |
| 100 | @a19960727d1995 em y0chiy0121 ea | |
| 101 | 0 | @achi |
| 102 | @aCN@b120000 | |
| 105 | @ay z 000yy | |
| 200 | 10 | @a应用文体写作@AYING YONG WEN TI XIE ZUO@f张俊明,安树一主编@FZHANG JUN MING , AN SHU YI ZHU BIAN |
| 210 | @a天津@c天津人民出版社@d1995 | |
| 215 | @a476页@d20cm | |
| 606 | @a写作-应用文 | |
| 606 | @a应用文-写作 | |
| 690 | @aH152.3 | |
| 692 | @a41.2383 | |
| 701 | 0 | @a张俊明@AZHANG JUN MING@4主编 |
| 701 | 0 | @a安树一@AAN SHU YI@4主编 |
| 801 | 0 | @aCN@bTSSF@c20070724 |
| 905 | @a10447@dH152.3@e423 | |
| 应用文体写作/张俊明,安树一主编.-天津:天津人民出版社,1995 |
| 476页;20cm |
| ISBN 7-201-02184-2:CNY12.00 |
| ● |
| 相关链接 |
|
|
|
|
正题名:应用文体写作
索取号:H152.3/423
 
预约/预借
| 序号 | 登录号 | 条形码 | 馆藏地/架位号 | 状态 | 备注 |
| 1 | 0767236 | 207672366 | 第二样本阅览室/ [索取号:H152.3/423] | 在馆 |